5HLuxD.jpg

KING HENRY VIII SENIOR AND PRIMARY SCHOOL LIBRARY OPAC

Collins Robert French dictionary : (Record no. 438)

000 -LEADER
fixed length control field 01779cam a2200457 i 4500
001 - CONTROL NUMBER
control field 020646974
003 - CONTROL NUMBER IDENTIFIER
control field UkOxU
005 - DATE AND TIME OF LATEST TRANSACTION
control field 20190814150924.0
008 - FIXED-LENGTH DATA ELEMENTS--GENERAL INFORMATION
fixed length control field 160916s2016 stkbf d 000 0 eng c
015 ## - NATIONAL BIBLIOGRAPHY NUMBER
National bibliography number GBB6D2284
Source bnb
020 ## - INTERNATIONAL STANDARD BOOK NUMBER
International Standard Book Number 9780007556526 (hbk.) :
020 ## - INTERNATIONAL STANDARD BOOK NUMBER
International Standard Book Number 0007556527 (hbk.) :
035 ## - SYSTEM CONTROL NUMBER
System control number (StEdNL)7934093
035 ## - SYSTEM CONTROL NUMBER
System control number (Uk)017775735
040 ## - CATALOGING SOURCE
Original cataloging agency UK-WkNB
Language of cataloging eng
Description conventions rda
Transcribing agency UK-WkNB
Modifying agency StEdNL
-- UkOxU
041 0# - LANGUAGE CODE
Language code of text/sound track or separate title eng
-- fre
042 ## - AUTHENTICATION CODE
Authentication code ukscp
082 ## - DEWEY DECIMAL CLASSIFICATION NUMBER
Classification number 443.21 COL
245 00 - TITLE STATEMENT
Title Collins Robert French dictionary :
Remainder of title Le Robert & Collins dictionnaire français-anglais, anglais-français /
Statement of responsibility, etc. editors: Janet Gough, Cordelia Lily, Christian Salzédo, Anna Stevenson ; with Teresa Álvarez, Laurence Larroche, Holly Tarbet.
246 18 - VARYING FORM OF TITLE
Title proper/short title Collins Le Robert French dictionary
246 30 - VARYING FORM OF TITLE
Title proper/short title Dictionnaire français-anglais, anglais-français
246 33 - VARYING FORM OF TITLE
Title proper/short title French-English English-French dictionary
250 ## - EDITION STATEMENT
Edition statement Dixième édition = Tenth edition.
264 #1 - PRODUCTION, PUBLICATION, DISTRIBUTION, MANUFACTURE, AND COPYRIGHT NOTICE
Place of production, publication, distribution, manufacture Glasgow :
Name of producer, publisher, distributor, manufacturer HarperCollins Publishers ;
Place of production, publication, distribution, manufacture Paris :
Name of producer, publisher, distributor, manufacturer Dictionnaires Le Robert-SEJER,
Date of production, publication, distribution, manufacture, or copyright notice 2016.
264 #4 - PRODUCTION, PUBLICATION, DISTRIBUTION, MANUFACTURE, AND COPYRIGHT NOTICE
Date of production, publication, distribution, manufacture, or copyright notice ©2016
300 ## - PHYSICAL DESCRIPTION
Extent xxiv, 2297 pages, 54, 24 pages of plates :
Other physical details maps (colour) ;
Dimensions 27 cm
336 ## - CONTENT TYPE
Content type term text
Source rdacontent
337 ## - MEDIA TYPE
Media type term unmediated
Source rdamedia
338 ## - CARRIER TYPE
Carrier type term volume
Source rdacarrier
650 #0 - SUBJECT ADDED ENTRY--TOPICAL TERM
Topical term or geographic name entry element French language
Form subdivision Dictionaries
General subdivision English.
650 #0 - SUBJECT ADDED ENTRY--TOPICAL TERM
Topical term or geographic name entry element English language
Form subdivision Dictionaries
General subdivision French.
700 1# - ADDED ENTRY--PERSONAL NAME
Personal name Gough, Janet.
Relator term Editor
942 ## - ADDED ENTRY ELEMENTS (KOHA)
Source of classification or shelving scheme
Koha item type Reference
Holdings
Withdrawn status Lost status Source of classification or shelving scheme Damaged status Not for loan Collection code Permanent Location Current Location Shelving location Date acquired Full call number Barcode Date last seen Price effective from Koha item type
          Reference KH8 Senior School Library KH8 Senior School Library Reference 2019-08-14 443.21 COL 3KHSL000100065 2019-08-14 2019-08-14 Reference

Powered By KH8 IT Dept